Controle da administração pública democrática : (Record no. 699)

MARC details
000 -LÍDER
Campo Fixo de Controle 00798nam a2200241 a 4500
001 - NÚMERO DE CONTROLE
Campo de Controle 699
003 - IDENTIFICAÇÃO DO NÚMERO DE CONTROLE
Campo de Controle BR-CuiBMT
005 - DATA E HORA DA ÚLTIMA ATUALIZAÇÃO
Campo de Controle 20231216012024.0
008 - DADOS FIXOS
Dados Fixos 231113s2007 mgb 000 0 por d
020 ## - INTERNATIONAL STANDARD BOOK NUMBER
Nº do ISBN 9788577000876
040 ## - AGÊNCIA CATALOGADORA
Código da Agência Catalogadora BR-CuiBMT
Agência que transcreveu o registro BR-CuiBMT
080 ## - Nº DA CLASSIFICAÇÃO DECIMAL UNIVERSAL
Nº edição CDU 2007
Nº Class. CDU 351.94:336.148
090 ## - NÚMERO DE CHAMADA
Nº classificação 351.94:336.148
Cutter K29c
100 1# - ENTRADA PRINCIPAL -- AUTOR PESSOAL
Nome pessoal Kelles, Márcio Ferreira,
Datas associadas ao nome 1957-
245 ## - TÍTULO PRINCIPAL
Título principal Controle da administração pública democrática :
Subtítulo tribunal de contas no controle da LRF /
Indicação de responsabilidade Márcio Ferreira Kelles ; prefácio, José Alfredo Baracho Júnior.
260 ## - PUBLICAÇÃO, DISTRIBUIÇÃO, ETC.
Local de publicação Belo Horizonte :
Editora Fórum,
Data 2007.
300 ## - DESCRIÇÃO FÍSICA
N. páginas ou volumes 294 p.:
Dimensões 22 cm
504 ## - NOTA DE BIBLIOGRAFIA, ETC.
Nota de bibliografia Inclui bibliografia.
650 ## - ASSUNTO TÓPICO
Cabeçalho tópico ou nome geográfico Tribunais de contas
650 ## - ASSUNTO TÓPICO
Cabeçalho tópico ou nome geográfico Responsabilidade fiscal
650 ## - ASSUNTO TÓPICO
Cabeçalho tópico ou nome geográfico Administração pública
942 ## - ELEMENTOS DE ENTRADA ADICIONAIS (KOHA)
Fonte de classificação ou esquema de arquivamento Classificação Decimal Universal
Tipo de item do Koha Livros
Holdings
Estado: removido Estado: perdido Fonte de classificação ou esquema de arquivamento Estado: danificado Indisponível para empréstimo Localização permanente Localização atual Data de aquisição Total Checkouts Número de Chamada completo Código de barras Date last seen Número do exemplar Preço efetivo a partir de Tipo de item (Koha)
    Classificação Decimal Universal     Biblioteca da Escola Superior de Contas do TCE/MT Biblioteca da Escola Superior de Contas do TCE/MT 15/08/2019   351.94:336.148 K29c BIBTCEMT23110549 13/11/2023 Ex. 1 13/11/2023 Livros
    Classificação Decimal Universal     Biblioteca da Escola Superior de Contas do TCE/MT Biblioteca da Escola Superior de Contas do TCE/MT 15/08/2019   351.94:336.148 K29c BIBTCEMT23120681 16/12/2023 Ex. 2 13/11/2023 Livros

Powered by Koha